1016 1553 1058 1879 1797 1558 1712 1930 1197 1829 1063 1478 1804 1782 1339 1620 1610 1707 1713 1699 1716 1748 1190 1900 1024 1366 1098 1183 1656 1143 1856 1351 1936 1134 1643 1157 1089 1788 1582 1668 1415 1695 1878 1416 1842 1529 1321 1163 1939 1905 1130 1942 1967 1500 1415 1154 1201 1343 1726 1613 1317 1265 1023 1896 1727 1543 1861 1077 1213 1374 1746 1458 1377 1026 1561 1671 1783 1517 1364 1767 1211 1949 1795 1900 1604 1636 1803 1296 1895 1283 1963 1333 1890 1550 1262 1345 1628 1546 1319 BCNSPRNW ULIB Ver.6.0+V

เปลี่ยนเป็นภาษาไทย

Change to English
 แสดงรายละเอียดบรรณานุกรม
  กลับหน้าหลัก

Brief Record : Get Marc (ISO 2709) : E-mail record : QR code < ปิดหน้าต่าง
LEADER : 00000nam 2200000uu 4500
001    13399128318
003     ULIB
008    230607s2564||||th 000 0 tha d
020    ^a9786164262126
060 04 ^aWS285^bก978ร
100 0  ^aไกลตา ศรีสิงห์
245 10 ^aโรคติดเชื้อระบบทางเดินหายใจในเด็ก =^bRespiratory tractinfection in children /^cไกลตา ศรีสิงห์, ศรัญญา ศรีจันท์ทองศิริ
246 31 ^aRespiratory tract infection in children
250    ^aพิมพ์ครั้งที่ 1
260    ^aพิษณุโลก :^bสำนักพิมพ์มหาวิทยาลัยนเรศวร,^c2564
300    ^a406 หน้า :^bภาพประกอบ ;^c21 ซม.
504    ^aมีบรรณานุกรมและดัชนี
505 0  ^aความรู้พื้นฐานระบบทางเดินหายใจ --พัฒนาการและกายวิภาคของระบบทางเดินหายใจ --ระบบไหลเวียนเลือดของทารกในและนอกครรภ์ --สรีรวิทยาของระบบทางเดินหายใจ -- การควบคุมการหายใจ --โรคติดเชื้อทางเดินหายใจส่วนบน -- โรคหวัด -- โรคคออักเสบ --โรคไซนัสอักเสบเฉียบพลัน -- โรคหูชั้นกลางอักเสบเฉียบพลัน -- ฝีหลังคอหอย-- โรคติดเชื้อทางเดินหายใจส่วนล่าง -- โรคไวรัสครูพ --โรคฝาปิดกล่องเสียงอักเสบ -- โรคหลอดลมคออักเสบจากเชื้อแบคทีเรีย --โรคหลอดลมอักเสบ -- โรคหลอดลมฝอยอักเสบเฉียบพลัน -- โรคปอดบวม --โรคเสียงวี้ดเฉียบพลันที่เกิดร่มกับการติดเชื้อไวรัสของทางเดินหายใจ --โรคปอดบวมในผู้ป่วยภูมิคุ้มกันบกพร่อง -- วัณโรคในเด็ก --การรักษาวัณโรคดื้อยาในเด็ก --โรคปอดบวมที่สัมพันธ์กับการใส่เครื่องช่วยหายใจ -- โรคพยาธิใบไม้ปอด
650  4 ^aทางเดินอากาศหายใจ, การติดเชื้อ^xในวัยทารกและเด็ก
650  4 ^aทางเดินหายใจ^xโรค
650  4 ^aเด็ก
700 0  ^aศรัญญา ศรีจันท์ทองศิริ
945    ^p420^l0^i009593
945    ^p420^l0^i009594
945    ^p420^l0^i009595
945    ^p420^l0^i009596
945    ^p420^l0^i009623
945    ^p420^l0^i009624
945    ^p420^l0^i009625
999    ^aประนอม เกษจรัล
รายการนี้ยังไม่มีแท็ก
คุณยังไม่ได้ล็อกอิน คุณสามารถมีกิจกรรมร่วมกับเว็บไซต์ได้ แต่ต้องล็อกอินก่อน ::
  ล็อกอิน

รายการสื่อสารสนเทศ

ลำดับที่ ประเภท เลขเรียก/บาร์โค้ด สถานที่ สถานะ
1. วิทยาศาสตร์การแพทย์ และสุขภาพ
หนังสือสำรอง
สถานะ=หนังสือสำรอง
WS285 ก978ร ฉ.1 
  Barcode: 009593
ห้องสมุดวิทยาเขตสวรรค์ประชารักษ์
►หนังสือทั่วไป
บนชั้น
2. วิทยาศาสตร์การแพทย์ และสุขภาพ
วิทยาศาสตร์การแพทย์ และสุขภาพ
WS285 ก978ร ฉ.2 
  Barcode: 009594
ห้องสมุดวิทยาเขตสวรรค์ประชารักษ์
►หนังสือทั่วไป
บนชั้น
3. วิทยาศาสตร์การแพทย์ และสุขภาพ
วิทยาศาสตร์การแพทย์ และสุขภาพ
WS285 ก978ร ฉ.3 
  Barcode: 009595
ห้องสมุดวิทยาเขตสวรรค์ประชารักษ์
►หนังสือทั่วไป
บนชั้น
4. วิทยาศาสตร์การแพทย์ และสุขภาพ
วิทยาศาสตร์การแพทย์ และสุขภาพ
WS285 ก978ร ฉ.4 
  Barcode: 009596
ห้องสมุดวิทยาเขตสวรรค์ประชารักษ์
►หนังสือทั่วไป
บนชั้น
5. วิทยาศาสตร์การแพทย์ และสุขภาพ
วิทยาศาสตร์การแพทย์ และสุขภาพ
WS285 ก978ร ฉ.5 
  Barcode: 009623
ห้องสมุดวิทยาเขตสวรรค์ประชารักษ์
►หนังสือทั่วไป
บนชั้น
6. วิทยาศาสตร์การแพทย์ และสุขภาพ
วิทยาศาสตร์การแพทย์ และสุขภาพ
WS285 ก978ร ฉ.6 
  Barcode: 009624
ห้องสมุดวิทยาเขตสวรรค์ประชารักษ์
►หนังสือทั่วไป
บนชั้น
7. วิทยาศาสตร์การแพทย์ และสุขภาพ
วิทยาศาสตร์การแพทย์ และสุขภาพ
WS285 ก978ร ฉ.7 
  Barcode: 009625
ห้องสมุดวิทยาเขตสวรรค์ประชารักษ์
►หนังสือทั่วไป
บนชั้น

รายการใกล้เคียง
    ผู้แต่ง [ไกลตา ศรีสิงห์]

    หัวเรื่อง [เด็ก]

BibComment


ยังไม่เคยถูกคอมเมนท์

คอมเมนท์ทรัพยากรรายการนี้
  คอมเมนท์: โรคติดเชื้อระบบท..


 Copyright 2026. Bcnsprnw @Library